[Event "12th Chennai Open 2020"]
[Site "Chennai"]
[Date "2020.01.21"]
[Round "6.11"]
[White "Vasquez Schroeder, Rodrigo"]
[Black "Saravanan, V.."]
[Result "1-0"]
[WhiteElo "2487"]
[BlackElo "2325"]
[Annotator "TA"]
[PlyCount "75"]
[EventDate "2020.01.19"]
[EventType "swiss"]
[EventCountry "IND"]
[SourceTitle "playchess.com"]
[Source "ChessBase"]
[SourceQuality "1"]

{[%evp 15,75,11,10,-8,5,-27,19,20,22,-19,31,14,28,36,-12,4,0,-56,31,4,11,2,24,-92,-83,-76,-82,-244,-163,-228,-120,-95,-77,-133,0,0,0,-7,106,144,110,133,218,128,243,235,475,479,480,478,483,488,438,482,560,525,29982,29983,29983,29984,29996,29997]} 1. e4 e6 2. d4 d5 3. Nc3 Nf6 4. e5 Nfd7 5. Nce2 c5 6. f4 Nc6 7. c3 Be7 8. Nf3 O-O 9. a3 {C11: French: Classical System: 4 e5 and 4 Bg5 dxe4} (9. Be3 b5 10. dxc5 Nxc5 11. Ng3 Rb8 12. Rc1 Bd7 13. b4 Na4 14. Bd3 f5 15. exf6 Bxf6 16. O-O Be8 {1-0 (48) Wang,H (2725)-Lupulescu,C (2649) Changsha 2019}) 9... Qb6 10. h4 cxd4 11. cxd4 {The position is equal.} f6 12. b4 a5 13. b5 $1 {[%cal Rb5c6]} Qxb5 14. Nc3 Qb6 15. Rb1 Qd8 16. Bd3 (16. Nb5 $11) 16... Qe8 (16... fxe5 $15 17. Ng5 exd4 18. Nxe6 {[%mdl 64] Double Attack} Qe8) 17. h5 $146 (17. O-O {feels hotter.} Qd8 18. g3 f5 19. Qb3 h6 20. Bd2) ({Predecessor:} 17. Nb5) 17... fxe5 18. fxe5 Nxd4 (18... Rxf3 $5 19. gxf3 (19. Qxf3 Nxd4 20. Qg4 Bc5 $11) 19... Nxd4 20. Bxh7+ Kxh7 21. Qxd4 Qf7 22. Qd3+ Kg8 $11) 19. Bxh7+ (19. Nxd4 $11 Nxe5 20. Bc2) 19... Kxh7 $17 20. Qxd4 {White wants to play Nb5.} Rf5 21. h6 $2 (21. Be3 $17) 21... Rh5 22. Rf1 (22. Rxh5 {keeps fighting.} Qxh5 23. hxg7) 22... gxh6 (22... Qg6 $19 23. hxg7 b6) 23. g4 Rh3 {White must now prevent ...b6.} 24. Ne2 Nc5 (24... Ra6 $17 25. Nf4 Rg3) 25. Nf4 $36 {[%mdl 2048] Black is under pressure.} Rg3 {And now ...Bd7 would win.} 26. Rb2 $1 Qa4 ({Don't play} 26... Rxg4 27. Rh2 $17) (26... b6 $11 {remains equal.} 27. Rh2 Qb5) 27. Qxa4 $16 Nxa4 28. Rh2 $1 Rxg4 {[#]} (28... Nc5 $16) 29. Rfh1 ({White should play} 29. Nh5 $1 $18) 29... Bf8 {[#]} (29... Kg8 $16 {might work better.}) 30. Nh5 $1 $18 {[%cal Rh5f6] Nf6+ is the strong threat.} Kg6 $2 (30... Re4+ {was necessary.} 31. Kf1 b6 32. Nf6+ {[%mdl 64] Double Attack} Kg6 33. Nxe4 dxe4) 31. Nf6 Re4+ 32. Nxe4 dxe4 33. Rg2+ Kf7 34. Nh4 Bc5 35. Bxh6 {Strongly threatening Rg7+.} Ra6 {If Black can now play ...Ke8 this consolidates a bit.} 36. Rg7+ {White mates.} Ke8 37. Ng6 Rb6 38. Bc1 {Accuracy: White = 57%, Black = 22%.} 1-0

[Event "12th Chennai Open 2020"]
[Site "Chennai"]
[Date "2020.01.21"]
[Round "6.12"]
[White "Rohith Krishna S"]
[Black "Karthik Venkataraman"]
[Result "1/2-1/2"]
[WhiteElo "2289"]
[BlackElo "2479"]
[Annotator "TA"]
[PlyCount "72"]
[EventDate "2020.01.19"]
[EventType "swiss"]
[EventCountry "IND"]
[SourceTitle "playchess.com"]
[Source "ChessBase"]
[SourceQuality "1"]

{[%evp 19,72,10,13,2,6,6,5,5,20,18,27,22,34,35,42,0,36,38,38,25,33,33,33,33,33,33,28,28,28,28,28,0,0,0,-4,-7,0,0,0,0,17,17,17,17,17,17,17,17,25,25,29,29,29,29,35]} 1. d4 Nf6 2. Nf3 e6 3. c4 Bb4+ 4. Nbd2 O-O 5. g3 b6 6. Bg2 Bb7 7. O-O d5 8. cxd5 exd5 9. Ne5 Be7 10. Qc2 c5 11. b3 {E16: Queen's Indian: 4 g3 Bb7 5 Bg2 Bb4+} (11. dxc5 bxc5 12. Rd1 Qc8 13. Nb3 a5 14. Be3 Na6 15. Rac1 d4 16. Bxb7 Qxb7 17. Bg5 Nb4 18. Qb1 a4 19. Nd2 Qd5 {½-½ (150) Nakamura,H (2787)-Harikrishna,P (2763) chess.com INT 2016}) 11... Na6 12. Bb2 Rc8 13. Rac1 {The position is equal.} Bd6 $146 ({Predecessor:} 13... cxd4 14. Qd3 Bc5 15. a3 Qe7 16. Ndf3 Bxa3 17. Bxa3 Qxa3 {½-½ (29) Dorfanis,I (2184)-Antic,D (2473) Porto Carras 2013}) 14. Qb1 Qe7 15. e3 Rfe8 16. Rfd1 Rc7 17. Qa1 Nb4 18. a3 Na6 {[%cal Bb4a6,Ba6c7,Bc7b5,Bb5c3][%mdl 32]} 19. Nd3 (19. Re1 {is interesting.} cxd4 20. exd4 Rxc1 21. Qxc1 Nc7 22. b4) 19... cxd4 20. Rxc7 Nxc7 21. Bxd4 Nb5 22. Bxf6 Qxf6 23. Qxf6 gxf6 24. a4 Nc3 25. Ra1 Ba6 26. Bf1 {[#]} d4 $1 {[%cal Rd4e3][%mdl 512]} 27. Re1 (27. exd4 Ne2+) 27... Bxd3 28. Bxd3 Bb4 29. Nf3 Nd5 30. Bb5 Rd8 31. Rd1 dxe3 32. fxe3 {[#] Strongly threatening e4.} Rd6 $1 33. e4 Bc5+ 34. Kh1 {White has an edge.} Nc3 35. Rxd6 Bxd6 36. Bd3 Be5 {Accuracy: White = 75%, Black = 53%.} 1/2-1/2

[Event "12th Chennai Open 2020"]
[Site "Chennai"]
[Date "2020.01.21"]
[Round "6.13"]
[White "Vishnu Prasanna. V"]
[Black "Saravana, Krishnan P."]
[Result "1-0"]
[WhiteElo "2474"]
[BlackElo "2313"]
[Annotator "TA"]
[PlyCount "81"]
[EventDate "2020.01.19"]
[EventType "swiss"]
[EventCountry "IND"]
[SourceTitle "playchess.com"]
[Source "ChessBase"]
[SourceQuality "1"]

{[%evp 12,81,35,21,24,19,43,33,38,43,37,37,42,37,37,34,35,41,43,23,41,35,32,34,59,45,73,50,43,39,71,68,66,67,158,162,225,238,231,227,228,167,304,307,606,609,612,606,576,572,570,563,540,513,695,673,702,700,857,852,825,821,818,820,766,752,1077,1058,1704,1689,29985,29983]} 1. d4 d5 2. c4 c6 3. e3 Nf6 4. Nc3 a6 5. Nf3 b5 6. b3 Bg4 7. Be2 {7.a4 deserves study.} (7. Bd3 {feels hotter.} Nbd7 8. O-O e6 9. h3 Bh5 10. Qe2) 7... e6 {D15: Slav Defence: 4 Nc3 a6 and gambit lines after 4 Nc3 dxc4.} 8. h3 (8. Bb2 {seems wilder.} Nbd7 9. O-O bxc4 10. bxc4 Rb8 11. Rb1) 8... Bxf3 9. Bxf3 Nbd7 {White is slightly better.} 10. O-O Be7 11. a4 b4 12. Ne2 a5 13. Bb2 O-O 14. Rc1 Rc8 15. Nf4 Bd6 16. Nd3 Ne4 17. Qe2 f5 18. Rc2 Qh4 19. cxd5 cxd5 20. Rfc1 Rce8 21. Bxe4 fxe4 22. Ne5 $1 {[%cal Re5d7]} Bxe5 ({Black should play} 22... Nb8 $1 $14) 23. dxe5 $16 h5 (23... Qg5 $142) 24. Rc7 $18 Rf7 {[#]} 25. R1c2 $1 Ree7 26. Bd4 g5 (26... Qg5 $142) 27. Qa6 {Hoping for Rxd7!} g4 $2 {[#]} (27... Kh7 28. Ra7 (28. Qxa5 g4 $16) 28... g4) 28. g3 $1 {[%cal Rg3h4]} Qg5 29. h4 Qf5 30. Qxa5 Qf3 31. Qxb4 Qd1+ 32. Kg2 Kh7 33. Qd2 ({Weaker is} 33. Kh2 Kg6 $18) 33... Qf3+ 34. Kg1 Kg6 35. a5 Nb8 36. Rxe7 Rxe7 37. b4 Rb7 38. Bb6 Nd7 39. Rc6 Qf5 40. Qxd5 Nf6 41. Qxe6 {Accuracy: White = 96%, Black = 41%.} 1-0

[Event "12th Chennai Open 2020"]
[Site "Chennai"]
[Date "2020.01.21"]
[Round "6.14"]
[White "Jubin Jimmy"]
[Black "Harikrishnan.A.Ra"]
[Result "1/2-1/2"]
[WhiteElo "2193"]
[BlackElo "2444"]
[Annotator "TA"]
[PlyCount "89"]
[EventDate "2020.01.19"]
[EventType "swiss"]
[EventCountry "IND"]
[SourceTitle "playchess.com"]
[Source "ChessBase"]
[SourceQuality "1"]

{[%evp 22,89,30,27,30,33,26,25,41,28,34,29,19,33,33,0,0,-45,4,0,4,-14,-30,-28,-23,-35,-39,-43,-27,-49,-42,-45,-45,-53,-42,-50,-9,-9,-9,-17,-13,-10,0,0,0,0,0,0,0,0,0,0,0,0,127,0,0,0,0,0,0,0,0,0,0,0,0,0,0,0]} 1. d4 Nf6 2. c4 e6 3. Nc3 Bb4 4. Qc2 O-O 5. a3 Bxc3+ 6. Qxc3 Ne4 7. Qc2 f5 8. Nh3 d6 9. f3 Nf6 10. e3 e5 11. dxe5 dxe5 12. Be2 a5 {E32: Nimzo-Indian: Classical (4 Qc2): 4...0-0} 13. b3 f4 14. Nf2 ({Much worse is} 14. exf4 Bxh3 15. gxh3 Nh5 $15) 14... fxe3 {White has an edge.} 15. Bxe3 Nc6 16. O-O Nd4 17. Bxd4 exd4 {[#]} 18. Rad1 $146 ({Predecessor:} 18. Bd3 g6 19. Rfe1 Kg7 20. Re5 Qd6 21. Rae1 c5 22. Rg5 Nd7 23. Ng4 Ra6 24. Qf2 Qf4 25. Qh4 Rc6 26. Qh6+ Kg8 27. Bxg6 {1-0 (27) Kuljasevic,D (2537)-Mencinger,V (2399) Pula 2011}) 18... c5 19. a4 Nh5 20. Bd3 g6 21. Be4 Kg7 22. Rfe1 Ra7 23. Qd2 b6 24. Nd3 Re7 25. Re2 Nf6 26. Nf2 Rfe8 27. Rde1 Nxe4 28. Rxe4 Bf5 29. Rxe7+ Rxe7 30. Rxe7+ Qxe7 31. g4 Bd7 32. Qf4 $1 Bc6 {[#]} 33. h4 $1 {[%mdl 512]} Qf7 (33... Qxh4 34. Qc7+) 34. Qe5+ Kg8 35. Ne4 Bxe4 36. Qxe4 $11 {[%mdl 4096] Endgame KQ-KQ} Qf6 37. g5 Qd6 {[#]} (37... Qf5 $11 {keeps the balance.} 38. Qxf5 gxf5) 38. Kf2 (38. Qd5+ $1 $16 Qxd5 39. cxd5) 38... Kf7 {The position is equal.} 39. Qb7+ Qe7 40. Qd5+ Kg7 41. Kg3 Qc7+ 42. Kg2 Qe7 43. Kg3 h6 44. Kh3 hxg5 45. hxg5 {Accuracy: White = 61%, Black = 66%.} 1/2-1/2

[Event "12th Chennai Open 2020"]
[Site "Chennai"]
[Date "2020.01.21"]
[Round "6.15"]
[White "Hesham, Abdelrahman"]
[Black "Samant Aditya S"]
[Result "0-1"]
[WhiteElo "2429"]
[BlackElo "2296"]
[Annotator "TA"]
[PlyCount "174"]
[EventDate "2020.01.19"]
[EventType "swiss"]
[EventCountry "IND"]
[SourceTitle "playchess.com"]
[Source "ChessBase"]
[SourceQuality "1"]

{[%evp 18,210,22,6,0,-17,0,-19,10,-29,8,-31,-5,-35,-22,-84,-52,-88,12,-86,-55,-78,-80,-64,-49,-54,-54,-54,-54,-62,0,-40,-36,-31,-35,-43,-42,-80,-45,-74,-78,-70,-44,-45,-57,-54,-41,-68,-33,-62,-54,-162,-161,-147,-126,-475,-470,-802,-810,-791,-761,-744,-598,-921,-472,-1126,-650,-580,-530,-626,-625,-657,-338,-350,-349,-347,-338,-347,-332,-290,-290,-852,-618,-516,-470,-781,-687,-1268,-1268,-1139,-933,-4889,-4794,-2388,-2362,-2001,-1605,-5293,-2047,-2729,-1464,-1496,0,-2439,-2087,-595,-439,-833,-2330,-1660,-1203,-29974,-29975,-29975,-5929,-29984,-29985,-29988,-29974,-29974,0,-29988,-4133,-29985,-29986,-29988,-395,-29978,-29979,-29976,-133,-133,-133,-133,-133,-133,-133,-133,-8,-14,0,0,0,0,0,0,0,0,0,0,0,-133,-133,-133,-133,-133,0,0,0,-133,-140,-29973,-29974,-29990,-7,-41,0,-25,-8,-8,-8,-8,0,0,0,0,0,-29981,-29978,-29982,-29983,-29983,-29984,-29984,-29985,-29985,-29986,-29986,-29987,-29987,-29985,-29988,-29988,-29989,-29990]} 1. Nf3 Nf6 2. c4 e6 3. e3 b6 4. b3 Bb7 5. Bb2 c5 6. g3 Be7 7. Bg2 O-O 8. O-O d5 9. Qe2 Nc6 10. d3 Qd7 {A14: English Opening: 1...e6 with b3 by White} (10... Qc7 11. Nc3 Rad8 12. Rad1 Qb8 13. Nb1 e5 14. cxd5 Nxd5 15. Nbd2 Rfe8 16. a3 h6 17. Rfe1 b5 18. Ne4 Nf6 19. Nxf6+ Bxf6 {1-0 (42) Hou,Y (2651)-Kramnik,V (2809) Medias 2016}) 11. Nc3 Rfd8 12. Rad1 Rac8 {The position is equal.} 13. h3 $146 ({Predecessor:} 13. Rfe1 a6 14. d4 cxd4 15. Nxd4 Nxd4 16. Rxd4 Bb4 17. cxd5 Bxc3 18. dxe6 Qxd4 19. exd4 Bxg2 20. Bxc3 {1-0 (30) Damljanovic,B (2581)-Todorovic,G (2465) Smederevska Palanka 2016}) 13... h6 14. g4 a6 15. Rfe1 Qc7 16. Qc2 (16. cxd5 $11 exd5 17. d4) 16... Qb8 17. Qb1 Qa8 (17... d4 $17 18. Ne2 Nh7) 18. Nh2 (18. cxd5 $1 $11 {remains equal.} Nxd5 19. Nxd5 Rxd5 20. Nd2) 18... dxc4 19. bxc4 Ne5 20. Ne4 Ned7 21. Nxf6+ Bxf6 22. Bxf6 Nxf6 23. e4 {[#]} Rb8 (23... b5 $1 $15 {[%mdl 512]}) 24. f4 Bc6 25. Qc2 Qb7 26. Nf3 Qc7 27. f5 Nd7 28. Qc3 Re8 29. fxe6 fxe6 30. Rf1 Rf8 31. g5 h5 (31... hxg5 {is interesting.} 32. Nxg5 Qg3 33. Nf3 Rf4 34. Qe1 Qg6) 32. Qe1 Ne5 33. Qh4 g6 34. Ne1 (34. Qg3 $15 Nxf3+ {[%mdl 64] Discovered Attack} 35. Rxf3 Qxg3 36. Rxg3) 34... Rxf1+ $19 35. Bxf1 Rf8 $36 {[%mdl 2048] Black is in control.} 36. Be2 $2 {[%mdl 8192]} (36. Rd2 $17 {is tougher.}) 36... Qd6 {Hoping for ...Qd4+.} 37. Rc1 (37. Kg2 $142 Ba4 38. Rb1) 37... Qd4+ 38. Kg2 Ba4 39. Rb1 b5 40. cxb5 Bxb5 {Strongly threatening ...Qc3.} 41. Rc1 (41. Qg3 $142 c4 42. Nf3 Nxf3 43. Bxf3 Qxd3 44. Re1) 41... Bxd3 42. Nxd3 Nxd3 43. Rf1 Rxf1 44. Kxf1 Qe3 45. Bxd3 Qxd3+ {[%mdl 4096] Endgame KQ-KQ} 46. Kf2 e5 47. Qg3 Qxe4 48. Qb3+ Kg7 49. Kg1 $2 (49. a4) 49... Qe1+ 50. Kg2 Qd2+ 51. Kh1 (51. Kf1 $142 Qxg5 52. Kf2) 51... Qc1+ 52. Kh2 {intending Qb7+.} Qxg5 53. Qb7+ Kh6 54. Qxa6 Qf4+ 55. Kg2 e4 56. Qc8 Qf3+ 57. Kh2 Qf2+ 58. Kh1 Qf1+ 59. Kh2 Qf2+ (59... Qe2+ $142 60. Kh1 e3) 60. Kh1 Kg5 61. Qd8+ Kf4 62. Qf6+ {[#]} (62. Qc7+ $142 Kf3 63. Qf7+ Ke2 64. Qb7 Qf1+ 65. Kh2 Qf4+ 66. Kh1 Qf3+ 67. Kh2 Qf4+ 68. Kh1 Qf1+ 69. Kh2 Qf4+) 62... Ke3 $1 63. Qc3+ Ke2 64. Qc4+ Kd2 65. a4 e3 (65... Qf3+ $142 66. Kh2 Qf2+ 67. Kh1 e3 68. Qa2+ Kc3 69. Qa1+ Kc4 70. Qc1+ Kd4 71. Qd1+ Ke5 72. Qa1+ Kd6 73. Qd1+ Ke7 74. Qa1 e2 75. Qg7+ Kd8 76. Qh8+ Kd7 77. Qg7+ Kc8 78. Qg8+ Kc7 79. Qg7+ Kb6 80. Qb2+ Ka7 81. Qg7+ Ka6 82. Qxg6+ Ka5 83. Qg1 e1=Q 84. Qxe1+ Qxe1+ 85. Kg2 c4 86. h4 c3 87. Kf3 c2 88. Kf4 c1=Q+ 89. Kf3 Qce3+ 90. Kg2 Q3g3#) 66. Qd5+ Ke1 67. Qxc5 Qf1+ 68. Kh2 Qf2+ 69. Kh1 {and the idea Qc1+ leaves White hopeful.} Kf1 (69... Qg3 $142 70. Qc3+ Kf2 71. Qb2+ e2 72. Qd4+ Kf1 73. Qf6+ Qf2 74. Qxg6 Qf3+ {[%mdl 64] Double Attack} 75. Kh2 e1=Q 76. Qg1+ Ke2 77. Qxe1+ Kxe1 78. Kg1 Qg3+ 79. Kh1 Kf1 80. a5 Qxh3#) 70. Qc1+ Qe1 $1 71. Qc2 Qe2 $2 ({Weaker is} 71... e2 72. Qxg6 Qf2 73. Qb1+ e1=R 74. Qd3+ Qe2 75. Qf5+ Qf2 76. Qd3+ Qe2 77. Qf5+ Qf2 78. Qd3+ $11) (71... Qg3 72. Qc1+ Kf2 73. Qb2+ e2 74. Qd4+ Kf1 75. Qf6+ Qf2 76. Qxg6 Qf3+ {[%mdl 64] Double Attack} 77. Kh2 e1=Q 78. Qg1+ Ke2 79. Qxe1+ Kxe1 80. Kg1 Qg3+ 81. Kh1 Kf1 82. a5 Qxh3#) 72. Qxg6 $2 (72. Qc1+ $19 Qe1 73. Qxe1+ Kxe1 74. Kg2 Kd2 75. Kf3 e2 76. Ke4 e1=Q+ 77. Kd5 Qh1+ 78. Kd6 Qxh3 79. Kc6 Qe6+ 80. Kc5 h4 81. a5 h3 82. a6 h2 83. a7 h1=Q 84. a8=B Qxa8 85. Kb4 Qb7+ 86. Kc5 Qed5#) 72... Qf3+ 73. Kh2 Qf4+ $2 (73... h4 $1 74. Qb1+ Kf2 75. Qg1+ Ke2 76. Qg5 Qg3+ $1 {[%mdl 576] Promotion} 77. Qxg3 hxg3+ 78. Kxg3 Kd2 79. Kf4 e2 80. Ke5 e1=Q+ 81. Kd6 Qh4 $1 {[%mdl 512]} 82. Kd5 Qxa4 83. Ke6 Qh4 84. Kd5 Qxh3 85. Kd6 Qf5 86. Kc7 Kc3 87. Kd6 Kd4 88. Kc6 Qd5+ 89. Kb6 Qd7 90. Ka5 Kc5 91. Ka6 Qf7 92. Ka5 Qa7#) 74. Kh1 $17 Ke2 {White must now prevent ...Kd2.} (74... Qxa4 $2 75. Qf5+ Ke1 76. Qe5 $19) (74... Qf3+ 75. Kh2 $19) 75. Qc2+ {[#]} Ke1 $1 76. Qc1+ Kf2 77. Qg1+ Ke2 78. a5 $1 Kd3 79. Qd1+ Kc3 80. Qe1+ Kd3 81. Qb1+ Kd2 82. Qb2+ Kd3 83. Qb5+ Kd2 84. Qd5+ (84. Qb2+ $1 $11 Ke1 85. Qb1+ Kd2 86. Qb2+) 84... Ke1 85. a6 Qf1+ 86. Kh2 {And now Qa5+ would win.} Qf4+ 87. Kh1 Qa4 {Played: Qf4-f1} 0-1

[Event "12th Chennai Open 2020"]
[Site "Chennai"]
[Date "2020.01.21"]
[Round "6.16"]
[White "Kiran, Manisha Mohanty"]
[Black "Das, Sayantan"]
[Result "1/2-1/2"]
[WhiteElo "2133"]
[BlackElo "2424"]
[Annotator "TA"]
[PlyCount "67"]
[EventDate "2020.01.19"]
[EventType "swiss"]
[EventCountry "IND"]
[SourceTitle "playchess.com"]
[Source "ChessBase"]
[SourceQuality "1"]

{[%evp 20,67,0,0,0,0,0,0,8,0,98,62,82,52,233,233,248,264,250,241,235,246,338,192,198,194,238,207,222,234,232,224,218,223,236,208,280,148,130,0,268,0,125,0,250,231,347,299,305,0]} 1. e4 e6 2. d4 d5 3. Nc3 Nf6 4. e5 Nfd7 5. f4 c5 6. Nf3 Nc6 7. Be3 cxd4 8. Nxd4 Bc5 9. Qd2 a6 10. O-O-O Nxd4 11. Bxd4 O-O {C11: French: Classical System: 4 e5 and 4 Bg5 dxe4} 12. Qf2 Qc7 13. Bd3 b5 {The position is equal.} 14. Kb1 {[#]} Rb8 $146 (14... Bxd4 $11 {keeps the balance.} 15. Qxd4 Bb7) ({Predecessor:} 14... Bxd4 15. Qxd4 Qc5 16. Ne2 b4 17. Rc1 Qxd4 18. Nxd4 Nc5 19. Rhd1 {1-0 (34) Bologan,V (2661)-Buhmann,R (2546) Gonfreville 2006}) 15. Ne2 b4 16. Rhf1 Bb7 $2 ({Better is} 16... Bxd4 $14 17. Qh4 (17. Qxd4 Nc5 $11) 17... h6 18. Nxd4 Nc5) 17. Qh4 $1 $18 {[%csl Gd3][%cal Rh4h7]} g6 18. Rf3 $1 {[%cal Rf3h3]} Rfc8 19. Rh3 $1 Nf8 20. g4 Qe7 {intending ...Qxh4.} 21. Qg3 (21. Qh6 $142 {Black must now prevent f5.} Bxd4 22. Nxd4) 21... Nd7 22. Qe3 Bxd4 23. Nxd4 Re8 {[#]} 24. Re1 $1 Qf8 25. Qg3 Qg7 26. Qh4 Rbc8 27. Ree3 Qh8 28. Qh6 (28. f5 $18) 28... Qg7 $16 29. Qh4 (29. Qg5 $16) 29... Qh8 $1 $18 30. Qh6 (30. f5 $18 {and White stays clearly on top.} Nxe5 {[#]} 31. Rxe5 $1 {[%mdl 512]} Qxe5 32. Qxh7+ {[%mdl 64] Double Attack} Kf8 33. Nf3) 30... Qg7 $16 31. Qh4 (31. Qg5 $16) 31... Qh8 $1 $18 32. Qe1 a5 (32... Nc5 $142 33. Qxb4 Qg7) 33. Bb5 Rc7 34. Bd3 $2 {Accuracy: White = 61%, Black = 49%.} ({White should play} 34. f5 $18) 1/2-1/2

[Event "12th Chennai Open 2020"]
[Site "Chennai"]
[Date "2020.01.21"]
[Round "6.17"]
[White "Khusenkhojaev, Muhammad"]
[Black "Kunal, M.."]
[Result "0-1"]
[WhiteElo "2420"]
[BlackElo "2288"]
[Annotator "TA"]
[PlyCount "56"]
[EventDate "2020.01.19"]
[EventType "swiss"]
[EventCountry "IND"]
[SourceTitle "playchess.com"]
[Source "ChessBase"]
[SourceQuality "1"]

{[%evp 18,56,0,0,30,0,13,0,52,20,6,-24,-19,-18,-11,-14,-6,-47,-10,-85,-83,-127,-135,-133,-132,-624,-607,-920,-793,-923,-923,-921,-920,-911,-913,-908,-911,-883,-868,-1912,-756]} 1. Nf3 Nf6 2. c4 e6 3. g3 d5 4. d4 Be7 5. Bg2 O-O 6. O-O dxc4 7. Ne5 Nc6 8. Nxc6 bxc6 9. Na3 Bxa3 10. bxa3 Rb8 {E05: Open Catalan: 5 Nf3 Be7} (10... Ba6 11. Qa4 Bb5 12. Qc2 Qxd4 13. Bb2 Qc5 14. Rfd1 Rfd8 15. a4 Ba6 16. Qc3 h6 17. Ba3 Qf5 18. Bxc6 Rab8 {½-½ (40) Nakamura,H (2777)-So,W (2780) chess.com INT 2018}) 11. Qd2 Bb7 $146 ({Predecessor:} 11... Qd6 12. Qc3 c5 13. dxc5 Qa6 14. Bf4 Bb7 15. Bxb7 Rxb7 16. Rfc1 Nd5 17. Qxc4 Qxa3 18. Bd2 {½-½ (55) Fridman,D (2620)-Ladva,O (2453) Riga 2016}) 12. Rb1 Qc8 (12... Ba6 $11 13. Rxb8 Qxb8) 13. Qa5 c5 14. Rxb7 Rxb7 15. Bxb7 Qxb7 16. Qxc5 Qa6 17. Bf4 c3 18. Re1 (18. Qxc3 $11 Qxe2 19. Bxc7) 18... Nd5 $17 19. Bc1 f5 $1 20. f3 {[#] Threatening e4.} Qa4 $1 21. Kf2 $2 {[%mdl 8192]} (21. Bg5 $17) 21... Rb8 $19 {Black is clearly winning.} 22. Bf4 Rb6 23. Bxc7 Rc6 {[%mdl 64] Double Attack} 24. Qa5 Qxd4+ 25. e3 Qd2+ {[%mdl 64] Double Attack} 26. Re2 {[#]} Qxe2+ $1 {[%mdl 576] Promotion} 27. Kxe2 c2 28. Bd6 Rc8 {Accuracy: White = 25%, Black = 71%.} (28... c1=Q $142 29. Qd8+ Kf7 30. Qd7+ Kf6 31. Qd8+ Kf7 32. Qf8+ Kg6 33. Qe8+ {[#]} Kh6 $1 {[%mdl 512]} 34. Qxe6+ Nf6 35. Bf4+ g5 36. Qxc6 Qxc6) 0-1

[Event "12th Chennai Open 2020"]
[Site "Chennai"]
[Date "2020.01.21"]
[Round "6.18"]
[White "Deshmukh, Anup"]
[Black "Viani Antonio Dcunha"]
[Result "1-0"]
[WhiteElo "2163"]
[BlackElo "2417"]
[Annotator "TA"]
[PlyCount "79"]
[EventDate "2020.01.19"]
[EventType "swiss"]
[EventCountry "IND"]
[SourceTitle "playchess.com"]
[Source "ChessBase"]
[SourceQuality "1"]

{[%evp 17,78,25,49,37,39,26,26,23,28,23,28,18,20,16,18,31,19,16,16,8,32,20,16,33,35,19,13,0,0,0,18,7,29,39,17,0,392,395,364,393,366,374,432,431,419,408,606,210,220,212,205,210,197,-27,2270,678,29991,29992,29995,29996,29997,29998,29999]} 1. c4 g6 2. Nc3 Bg7 3. Nf3 d6 4. d4 Nf6 5. g3 O-O 6. Bg2 Nc6 7. O-O a6 8. b3 Rb8 9. Bb2 Bd7 10. Qd2 {E63: King's Indian: Fianchetto: Panno Variation with 7...a6} b5 11. cxb5 axb5 {[%cal Ba6b5,Bb5b4][%mdl 32]} 12. d5 {White has an edge.} Na5 $146 ({Predecessor:} 12... Na7 13. Nd4 Rb6 14. Rac1 Qc8 15. Rfd1 Qa6 16. a4 bxa4 17. Nxa4 Rbb8 18. Rxc7 {½-½ (37) Mareco,S (2583)-Delgado Ramirez,N (2570) Buenos Aires 2011}) 13. Nd4 b4 14. Nd1 e6 15. dxe6 fxe6 16. Nc2 Nc6 17. Bxc6 Bxc6 18. Nxb4 Ba8 19. f3 Qd7 20. Nd3 e5 21. N1f2 Rf7 22. Rac1 {[%cal Ba1c1,Bc1c7,Bc7f7][%mdl 32]} Rbf8 23. Rfd1 Qf5 24. Ne1 $36 {[%mdl 2048] White is more active.} Qh5 25. Qa5 Bh6 {Strongly threatening ...Be3.} 26. Rxc7 Be3 $2 {[%mdl 8192]} (26... Rxc7 $11 27. Qxc7 Be3 28. Qc4+ Kh8) 27. Rxf7 $18 Bxf2+ 28. Kxf2 Qxh2+ {[#]} 29. Ke3 $1 {Hoping for Rxf8+.} Qg1+ 30. Kd2 Kxf7 31. Qc7+ {[%mdl 64] Double Attack} Ke6 (31... Kg8 $142 32. Qxd6 Qxg3 33. Qe6+ Kg7 34. Bxe5 Qg5+ 35. Kc3 Qf5 36. Qxf5 gxf5) 32. Nd3 $2 (32. Ba3 Re8 33. Kc2) 32... Qxg3 33. Kc1 {And now Ba3 would win.} Nd5 34. Qxh7 Qg2 35. Kb1 $2 (35. Re1 $18) 35... Ne3 $2 {[%mdl 8192] [#]} (35... Qxe2 $11 36. Qxg6+ Nf6) 36. Rc1 (36. Nc5+ $142 $1 {[%mdl 512]} Kf5 (36... dxc5 37. Qd7+) 37. Rxd6) 36... Qxe2 37. Qxg6+ {White mates.} Rf6 {[#]} 38. Nf4+ $1 {[%mdl 512]} exf4 39. Qxf6+ {[%mdl 64] Double Attack} Kd5 40. Qf7# {Accuracy: White = 45%, Black = 51%.} 1-0

[Event "12th Chennai Open 2020"]
[Site "Chennai"]
[Date "2020.01.21"]
[Round "6.19"]
[White "Karthikeyan, P.."]
[Black "Priyanka, Kumari"]
[Result "1/2-1/2"]
[WhiteElo "2416"]
[BlackElo "1874"]
[Annotator "TA"]
[PlyCount "75"]
[EventDate "2020.01.19"]
[EventType "swiss"]
[EventCountry "IND"]
[SourceTitle "playchess.com"]
[Source "ChessBase"]
[SourceQuality "1"]

{[%evp 15,75,20,52,12,21,18,35,26,22,33,38,33,39,31,31,25,36,0,28,16,25,24,77,57,66,55,54,26,26,37,23,26,38,15,16,0,15,-6,-3,-3,0,-2,0,-14,-13,-13,-6,-6,-6,-5,-5,-21,-14,-13,-7,-7,-7,-7,-7,-7,-7,-8]} 1. d4 Nf6 2. c4 g6 3. Nf3 Bg7 4. g3 d6 5. Bg2 O-O 6. O-O c6 7. Nc3 Bf5 8. Ne1 Be6 9. b3 {E62: King's Indian: Fianchetto: 6...c6 and Panno Variation (6...Nc6) without ...a6} d5 $1 10. Nd3 Ne4 11. Nxe4 {White is slightly better.} dxe4 12. Nc5 Bc8 13. Be3 $146 ({Of course not} 13. Bxe4 Qxd4 14. Qxd4 Bxd4 $17) ({Predecessor:} 13. Nxe4 Qxd4 14. Rb1 Qxd1 15. Rxd1 Nd7 16. Ba3 Re8 {1-0 (53) Bu,X (2730)-Rakhmanov,A (2653) Riadh 2017}) 13... f5 14. Qd2 b6 15. Na4 Nd7 16. Bh6 b5 {[#] And now ...Bxh6 would win.} 17. Bxg7 Kxg7 18. Nb2 e5 (18... Rb8 $11) 19. Rfd1 exd4 20. Qxd4+ Qf6 21. Qxf6+ (21. f3 {feels hotter.} a6 22. fxe4 Ne5 23. Qc5 Nd7 24. e5) 21... Nxf6 22. Rd6 Bd7 23. Rad1 Rf7 24. f3 Re8 {The position is equal.} 25. h3 h5 26. f4 Ree7 27. e3 Be8 28. Kf2 Rd7 29. Ke1 Rxd6 30. Rxd6 Rb7 31. Bf1 Kf7 32. cxb5 cxb5 33. Kd2 Ke7 34. Rd4 Rd7 35. Rxd7+ Bxd7 36. b4 Nd5 37. a3 $1 a6 38. Be2 {Accuracy: White = 65%, Black = 63%.} 1/2-1/2